MARC

LEADER 00000nam0a2200000 4500
001 286043
005 20231101235844.0
035 |a (RuTPU)RU\TPU\book\310332 
090 |a 286043 
100 |a 20150302d1984 km y0rusy5003 ca 
101 0 |a rus 
102 |a RU 
105 |a a z 000zy 
200 1 |a Программное обеспечение рудной геофизики для ЭВМ третьего поколения (компоненты АСОМ РГ)  |f Научно-производственное объединение "Рудгеофизика" 
210 |a Ленинград  |c Изд-во НПО "Рудгеофизика"  |d 1984 
215 |a 132 с.  |d 20 см 
225 1 |a Программы по математическому обеспечению обработки и интерпретации геолого-геофизических материалов на ЭВМ 
606 1 |a Геофизические исследования  |x Обработка результатов  |x (поиски и разведка)  |2 stltpush  |3 (RuTPU)RU\TPU\subj\38592  |9 59019 
610 1 |a гравимагниторазведка 
610 1 |a программное обеспечение 
610 1 |a подпрограммы 
610 1 |a пакет программ 
610 1 |a гравитационные аномалии 
610 1 |a интерпретация 
610 1 |a аппроксимационные методы 
610 1 |a горизонтально-слоистые среды 
610 1 |a вертикальное электрическое зондирование 
610 1 |a диалоговые системы 
610 1 |a классификационные задачи 
675 |a 550.83.05  |z rus  |v 3 
712 0 2 |a Научно-производственное объединение "Рудгеофизика"  |2 stltpush  |3 (RuTPU)RU\TPU\col\9324  |9 24685 
801 0 |a RU  |b RuMRKP  |c 19950704  |g psbo 
801 1 |a RU  |b 63413507  |c 20150302 
801 2 |a RU  |b 63413507  |c 20170301  |g RCR 
942 |c BK